01123 am a2200265 a 450000500170000000800410001702000150005804100080007324501100008125000430019126000550023430000110028950001390030065300590043965300470049865300760054565300510062170000250067270000270069770000290072470000240075370000280077770000310080570000210083620240223093723.0100630s2004||||ag # f |||| 001 0 spa d a9871154496 aspa aPosibles causas del fracaso estudiantil en los primeros años de la universidad / cDaniel Augusto Sans a1a ed.bCompiladora Marina Barbabella. aNeuquén [Neuquén ; Argentina]: bEDUCO;c2004. a118 p. aSans, D. et al. (2004). Posibles causas del fracaso estudiantil en los primeros años de la universidad. (1a ed.). Neuquén : EDUCO. aFracaso. 12 propuestas para trabajar en la universidad aDeserción, fracaso académico y lectura aFracaso estudiantil en contextos complejos y el lugar de la enseñanza aCambio planificado y aprendizaje significativo1 aSans, Daniel Augusto1 aDuarte, Maria Dolores.1 aMarzolla, María Elena.1 aMagnarelli, Gladis.1 aQuintana, Maria Martha.1 aSánchez, Susana Beatriz.1 aGarcía, Laura.